| 000 | 02014cam a22003015a 4500 | ||
|---|---|---|---|
| 001 | L141605 | ||
| 002 | 16881 | ||
| 008 | 071204s2008 xxk f 001 0 eng d | ||
| 020 | _a9781842193396 | ||
| 035 | _a(Sirsi) u141605 | ||
| 041 | 0 | _aeng | |
| 050 | 0 | 4 | _a346.4104342 $2 18 |
| 100 | 1 | _aForrester, Peter | |
| 245 | 0 | 0 |
_aResidential and commercial service charges _ba surveyor's handbook |
| 260 |
_aLondon _bRICS _c2008 |
||
| 300 |
_axvi, 284p. _c24cm. |
||
| 350 | _a45 | ||
| 505 | 2 | _aBasic principles -- Reference documentation -- Getting started -- Setting up the accounts system -- Standardised form of accounts -- Record keeping -- Setting service charge budgets -- Apportionments of the service charge -- Repairs, renewals, replacements and improvements -- Major works and improvements rules -- Dealing with long-term agreements -- Year-end accounts -- Residential rent, administration and service charge demands -- Dealing with and avoiding disputes -- Interest on service charge accounts -- Replacement funds and depreciation -- Insurance -- Performance management contracts -- Commercialisation -- Marketing and promotions -- Sunday trading -- Management fees -- Charge of owner or managing agent -- Leasehold Valuation Tribunal -- Residential tenant's right to management audit -- Calculations for Rent Act and fair rent registrations | |
| 520 | _aProvides essential guidance for surveyors involved in service charges and summarises good practice in many areas, including how to avoid pitfalls and possible expensive oversights. Covering both residential and commercial service charge rules, this book will also help with the complexities of mixed-use developments. | ||
| 521 | 2 | _aAdvanced | |
| 590 | _aKA | ||
| 650 | 2 | 4 | _aSERVICE CHARGE RESIDENTIAL MANAGEMENT CODE |
| 650 | 2 | 4 | _aRICS CODE OF PRACTICE: SERVICE CHARGES IN COMMERCIAL PROPERTY |
| 651 | 4 |
_aEngland and Wales _y1543- |
|
| 690 | _aPROPERTY-LANDLORD AND TENANT-SERVICE CHARGES | ||
| 700 | 1 | _aGibb, Christopher | |
| 942 | _n0 | ||
| 999 |
_c107709 _d107709 |
||